00259nam a2200097Ia 4500008004100000100001900041245006100060260002400121300000800145650000800153191201s2004 xx 000 0 und d aOLSON, David L 0aManagerial Issue of Enterprise Resource Planning Systems aN. DelhibTMHc2004 a180 aMBA